000 00393pab a2200169 454500
008 180718b2007 xxu||||| |||| 00| 0 eng d
100 _aSarma, Mandira
245 _aIndia's capital adequacy regime
260 _c2007
300 _ap.66-74.
362 _a27 Oct
650 _aBanks
700 _aNikaido, Yuko
773 _aEconomic and Political Weekly
908 _aN
909 _a76472
999 _c76472
_d76472